Indispensable when leaders really matter (Registro nro. 180319)

Detalles MARC
000 -ENCABEZADO
Número de control [NR] 00783nam a22002297a 4500
005 - FECHA Y HORA DE LA ÚLTIMA TRANSACCIÓN
control field 20140903174921.0
008 - DE LONGITUD FIJA DE DATOS DE ELEMENTOS - INFORMACIÓN GENERAL
Elementos de longitud fija [NR] 130910s2012 xxu frn 001 0deng
020 ## - NUMERO INTERNACIONAL NORMALIZADO PARA LIBROS [R]
Número Internacional Normalizado del libro [NR] 9781422186701
040 ## - FUENTE DE CATALOGACION [NR]
Agencia de catalogación original [NR] CO-BoUCM
Quien Cataloga
Quien Clasifica
Idioma de catalogación [NR] spa
041 00 - CODIGO DE IDIOMA [R]
Código de idioma para texto/pista de sonido o título separado [R] Inglés
100 1# - ASIENTO PRINCIPAL--NOMBRE PERSONAL [NR]
Nombre personal [NR] Mukunda, Gautam
ID Autoridad 44769
245 10 - MENCION DE TITULO [NR]
Título [NR] Indispensable when leaders really matter
Mención de responsabilidad, etc. [NR] Gautam Mukunda
260 ## - PUBLICACION, DISTRIBUCION, ETC. (PIE DE IMPRENTA) [R]
Lugar de publicación, distribución, etc. [R] Boston, Mass
Nombre del editor, distribuidor, etc. [R] Harvard Business Review Press
Fecha de publicación, distribución, etc. [R] 2012
300 ## - DESCRIPCION FISICA [R]
Extensión [R] xii, 301 páginas
504 ## - NOTA DE BIBLIOGRAFIA, ETC. [R]
Nota de bibliografía, etc. [NR] Incluye referencias bibliográficas e índices
650 #7 - ASIENTO SECUNDARIO DE MATERIA - TERMINO TEMATICO [R]
Término temático o nombre geográfico como elemento de entrada [NR] Ejecutivos
9 (RLIN) 13930
650 #7 - ASIENTO SECUNDARIO DE MATERIA - TERMINO TEMATICO [R]
Término temático o nombre geográfico como elemento de entrada [NR] Liderazgo
9 (RLIN) 18533
650 #7 - ASIENTO SECUNDARIO DE MATERIA - TERMINO TEMATICO [R]
Término temático o nombre geográfico como elemento de entrada [NR] Liderazgo
Subdivisión general [R] Historia
9 (RLIN) 44663
690 ## - ASUNTO AGREGADO LOCAL DE ENTRADA - TÉRMINO TEMÁTICO (OCLC, RLIN)
9 (RLIN) 42736
Acceso temático local Administración de empresas
942 ## - ELEMENTOS DE ENTRADA AGREGADOS (KOHA)
Tema principal Administración
Tipo de ítem principal el descrito en 300a Libro
Edición 1
Parte restante de la signatura top. M953i
Sistema de clasificación DEWEY
Clasificación 658.4092
Existencias
Fecha de último préstamo Total préstamos Total Renewals Signatura topográfica Código de barras Última vez visto Ejemplar Costo de reposición Price effective from Tipo de ítem Perdido Sistema de clasificación Dañado No prestable Tipo de ítem específico Suprimido Ubicación habitual Ubicación actual Localización Fecha de creación Proveedor Forma de adquisición Costo
13/06/2014 2 3 658.4092 M953i 100135937 04/12/2024 Ej.1 36265.00 27/08/2013 Libro   DEWEY     Libro   Bodega Bodega 5to piso 27/08/2013 15 Compra 35100.00